Percy Jackson Characters - Statistics

General Stats
  • This quiz has been taken 242 times
  • The average score is 12 of 15
Answer Stats
Answer Hint % Correct
Grover Underwood Percy's best friend
100%
Annabeth Chase Percy's girlfriend
98%
Nico Di Angelo Son of Hades
97%
Luke Hermes's son who hosted Kronos's spirit
91%
Bianca Di Angelo Sister of the above
88%
Thalia Girl who was turned into a tree
88%
Tyson Percy's cyclops half brother
88%
Clarisse Girl from the Ares cabin
87%
Sally Estelle Jackson Percy's mom
85%
Blackjack Pegasus who calls Percy 'Boss'
82%
Jason Brother of the above
79%
Paul Blofis Percy's current stepdad
76%
Gabe Ugliano Percy's former stepdad
67%
Maria Di Angelo Mother of the above
62%
Mrs. O'Leary One of the only friendly hellhounds
60%
No matching quizzes found
Score Distribution
Percent of People with Each Score
Percentile by Number Answered
Your Score History
You have not taken this quiz